| 000 | 00583nam a2200217 a 4500 | ||
|---|---|---|---|
| 001 | BRL_1674 | ||
| 005 | 20190320211322.0 | ||
| 008 | 230414s1938----u--abo####---#000-0#eng-# | ||
| 041 | _aeng | ||
| 044 | _au | ||
| 050 | 4 |
_aF1226 _b.P37 1938 |
|
| 100 | 1 |
_aParkes, Henry Bamford _927597 |
|
| 245 | 1 | 0 |
_aA history of Mexico _cHenry Bamford Parkes. |
| 260 |
_aBoston _bHoughton Mifflin Company _c1938 |
||
| 300 |
_axii, 432 p. _bil., mapas _c21 cm. |
||
| 500 | _aAu2157 | ||
| 504 | _aBibliografĂa: p. 415-423 | ||
| 651 | 4 |
_aMéxico _xHistoria _9614 |
|
| 902 | _aGRL | ||
| 942 |
_2lcc _cB |
||
| 999 |
_c10483 _d10483 |
||